[Event "3rd Novi Sad it"]
[Site "Novi Sad"]
[Date "1974.10.17"]
[EventDate "1974.10.13"]
[Round "1.1"]
[White "Jovic, Ljubomir"]
[Black "Tal, Mikhail"]
[Result "1/2-1/2"]
[WhiteElo "2305"]
[BlackElo "2635"]
[PlyCount "41"]
[Source "Perpetual Check"]

1. e4 c5 2. Nc3 e6 3. g3 d5 4. d3 Nc6 5. Bg2 d4 6. Nce2 e5 7. Nf3 Bd6 8. a4
Nge7 9. O-O f6 10. c3 Be6 11. Nd2 Bc7 12. c4 Qd7 13. f4 g6 14. Nb3 Bd6 15. Bd2
O-O 16. Rf2 f5 17. Qc2 fxe4 18. dxe4 Bg4 19. Nec1 Nb4 20. Bxb4 cxb4 21. Nd3
1/2-1/2

[Event "3rd Novi Sad it"]
[Site "Novi Sad"]
[Date "1974.10.13"]
[EventDate "1974.10.13"]
[Round "1.2"]
[White "Radulov, Ivan"]
[Black "Hulak, Krunoslav"]
[Result "0-1"]
[WhiteElo "2490"]
[BlackElo "2475"]
[PlyCount "62"]
[Source "Perpetual Check"]

1. e4 c5 2. Nf3 d6 3. d4 cxd4 4. Qxd4 a6 5. c4 Nc6 6. Qd2 g6 7. Nc3 Bg7 8. b3
Bg4 9. Be2 Nf6 10. Bb2 O-O 11. O-O Qa5 12. Rfd1 Rfc8 13. a4 Nd7 14. Rab1 Nc5
15. Ba1 Qb4 16. Qe3 e6 17. Ne1 Bxe2 18. Nc2 Bxd1 19. Nxb4 Nxb4 20. Rxd1 Nc2 21.
Qf3 Nxa1 22. Rxa1 Nxb3 23. Rd1 Rxc4 24. Ne2 Nd4 25. Nxd4 Bxd4 26. Qb3 Rac8 27.
Qxb7 Rc1 28. Rf1 R8c2 29. Qxa6 Bxf2+ 30. Kh1 Rxf1+ 31. Qxf1 Be3 0-1

[Event "3rd Novi Sad it"]
[Site "Novi Sad"]
[Date "1974.10.13"]
[EventDate "1974.10.13"]
[Round "1.3"]
[White "Marjan, Dusan"]
[Black "Maric, Rudolf"]
[Result "0-1"]
[WhiteElo "2250"]
[BlackElo "2455"]
[PlyCount "83"]
[Source "Perpetual Check"]

1. e4 e6 2. Qe2 c5 3. f4 Nc6 4. Nf3 Nf6 5. g3 Be7 6. Bg2 O-O 7. O-O b6 8. Nc3
d5 9. d3 Ba6 10. e5 Ne8 11. Bd2 Rc8 12. Bh3 g6 13. Rac1 Ng7 14. g4 h5 15. Nd1
hxg4 16. Bxg4 c4 17. Nf2 Bc5 18. Ng5 Nf5 19. Qf3 Kg7 20. Rfe1 Ncd4 21. Qd1 cxd3
22. cxd3 Qd7 23. Bc3 Rh8 24. h3 Be7 25. Nf3 Nxf3+ 26. Qxf3 Qa4 27. Bxf5 gxf5
28. Kh2 Rh6 29. Rg1+ Rg6 30. Rxg6+ fxg6 31. Rg1 Rh8 32. b3 Qxa2 33. Ra1 Qxb3
34. Rxa6 Qxc3 35. Rxa7 Kf7 36. Qg3 Qc5 37. Kg2 b5 38. Rb7 Qc6 39. Ra7 Qb6 40.
Rd7 Ke8 41. Rxe7+ Kxe7 42. Qxg6 0-1

[Event "3rd Novi Sad it"]
[Site "Novi Sad"]
[Date "1974.10.13"]
[EventDate "1974.10.13"]
[Round "1.4"]
[White "Suba, Mihai"]
[Black "Deze, Anton"]
[Result "1-0"]
[WhiteElo "2460"]
[BlackElo "2375"]
[PlyCount "88"]
[Source "Perpetual Check"]

1. c4 c5 2. Nf3 g6 3. e4 Nc6 4. d4 cxd4 5. Nxd4 Nf6 6. Nc3 d6 7. f3 Nxd4 8.
Qxd4 Bg7 9. Be3 O-O 10. Qd2 Qa5 11. Rc1 Bd7 12. Be2 Rfc8 13. O-O Be6 14. b3 a6
15. f4 b5 16. f5 Bd7 17. fxg6 hxg6 18. e5 b4 19. exf6 bxc3 20. Qd4 Bxf6 21.
Rxf6 exf6 22. Qxf6 Qe5 23. Bd4 Qxf6 24. Bxf6 Re8 25. Bf3 Rac8 26. Rxc3 Re6 27.
Bd4 Re1+ 28. Kf2 Rce8 29. g4 Rb1 30. Rd3 Rc1 31. Rd2 a5 32. Bf6 a4 33. g5 Re6
34. Bb2 Rb1 35. Bg4 Rxb2 36. Rxb2 a3 37. Rd2 Re7 38. Bxd7 Rxd7 39. c5 d5 40.
Ke3 Kf8 41. Kd4 Ke8 42. Rd3 Kd8 43. b4 Rb7 44. Rb3 Re7 1-0

[Event "3rd Novi Sad it"]
[Site "Novi Sad"]
[Date "1974.10.13"]
[EventDate "1974.10.13"]
[Round "1.5"]
[White "Hernandez Onna, Roman"]
[Black "Ilijic, Milan"]
[Result "1-0"]
[WhiteElo "2395"]
[BlackElo "2375"]
[PlyCount "83"]
[Source "Perpetual Check"]

1. c4 g6 2. Nc3 Bg7 3. d4 b6 4. e4 Bb7 5. Be3 d6 6. Qd2 Nd7 7. Bd3 e5 8. d5 Nc5
9. Bc2 a5 10. Nge2 Ba6 11. b3 Nf6 12. f3 Nh5 13. g3 O-O 14. Bh6 Bc8 15. O-O-O
f5 16. exf5 gxf5 17. Rhg1 Qf6 18. Bxg7 Nxg7 19. g4 fxg4 20. fxg4 Qh4 21. h3 Bd7
22. Ng3 Kh8 23. Nge4 Nxe4 24. Nxe4 Rf4 25. Rdf1 Raf8 26. Rxf4 Rxf4 27. Qd3 Be8
28. Rf1 Qh6 29. Rxf4 Qxf4+ 30. Qd2 Qf1+ 31. Kb2 Qxh3 32. Qf2 Kg8 33. Nf6+ Kf7
34. Nxh7+ Ke7 35. Qf6+ Kd7 36. Qxg7+ Kc8 37. Qf8 Qe3 38. Qxe8+ Kb7 39. Qc6+ Kb8
40. Qe8+ Ka7 41. a4 Qd4+ 42. Ka2 1-0

[Event "3rd Novi Sad it"]
[Site "Novi Sad"]
[Date "1974.10.13"]
[EventDate "1974.10.13"]
[Round "1.6"]
[White "Raicevic, Vladimir"]
[Black "Notaros, Krasoje"]
[Result "1-0"]
[WhiteElo "2490"]
[BlackElo "2290"]
[PlyCount "81"]
[Source "Perpetual Check"]

1. c4 f5 2. b3 Nf6 3. Bb2 e6 4. g3 d5 5. Bg2 Bd6 6. Nf3 O-O 7. O-O Qe7 8. d4 c6
9. e3 Bd7 10. Qc1 Be8 11. Ba3 Nbd7 12. Bxd6 Qxd6 13. Qa3 Qxa3 14. Nxa3 Bh5 15.
Rac1 Rae8 16. b4 a6 17. Rc2 Bxf3 18. Bxf3 Nb6 19. Rfc1 e5 20. dxe5 Rxe5 21. b5
axb5 22. cxb5 Ra8 23. bxc6 bxc6 24. Rxc6 Rxa3 25. Rxb6 Re7 26. Rd1 Rd7 27. Rb2
Kf7 28. Rd4 Rda7 29. Bxd5+ Nxd5 30. Rxd5 Ke6 31. Rc5 R7a6 32. Rb7 Kf6 33. Rcc7
g6 34. Rxh7 Rxa2 35. h4 Rc2 36. Rbe7 Ra1+ 37. Kg2 g5 38. Rhf7+ Kg6 39. Rg7+ Kh6
40. Rh7+ Kg6 41. h5+ 1-0

[Event "3rd Novi Sad it"]
[Site "Novi Sad"]
[Date "1974.10.13"]
[EventDate "1974.10.13"]
[Round "1.7"]
[White "Forintos, Gyozo"]
[Black "Kirov, Nino"]
[Result "0-1"]
[WhiteElo "2490"]
[BlackElo "2465"]
[PlyCount "188"]
[Source "Perpetual Check"]

1. Nf3 Nf6 2. g3 g6 3. b4 Bg7 4. Bb2 O-O 5. Bg2 c6 6. O-O a5 7. bxa5 Qxa5 8. a4
d6 9. d3 Qh5 10. Qd2 Bh3 11. a5 Nbd7 12. Qb4 Nd5 13. Qa3 Bxg2 14. Kxg2 Qg4 15.
e3 Bxb2 16. Qxb2 Qb4 17. Qa3 b6 18. e4 Rxa5 19. Qxb4 Nxb4 20. Rxa5 bxa5 21. Na3
d5 22. Re1 e6 23. Nd2 Rb8 24. Ra1 Nc5 25. Rb1 Nba6 26. Rxb8+ Nxb8 27. Kf3 Kf8
28. Ke3 Ke7 29. f4 f6 30. c4 Kd6 31. e5+ fxe5 32. fxe5+ Ke7 33. d4 Nca6 34. c5
Nc7 35. Nb3 a4 36. Na1 Nb5 37. N1c2 Na6 38. Nb1 Kd7 39. Kd3 Nac7 40. Ke3 Kc8
41. Kf4 h6 42. Ke3 Kb7 43. Kd3 Ne8 44. Nc3 Nxc3 45. Kxc3 Nc7 46. Na3 Na6 47.
Nc2 h5 48. Na3 Kc7 49. Nc2 Kd7 50. Na3 Ke7 51. Nc2 Kd7 52. Na3 Kc7 53. Nc2 Kb7
54. Na3 g5 55. Nc2 g4 56. Ne3 Kc7 57. Nc2 Kb7 58. Na3 Kc7 59. Nc2 Kd7 60. Na3
Ke7 61. Nc2 Kf7 62. Kb2 Kg6 63. Ka3 Kf5 64. Kxa4 Ke4 65. Ka5 Nb8 66. Kb6 Kd3
67. Nb4+ Kxd4 68. Nxc6+ Nxc6 69. Kxc6 Kxe5 70. Kb6 d4 71. c6 d3 72. c7 d2 73.
c8=Q d1=Q 74. Qh8+ Ke4 75. Qxh5 Qd6+ 76. Ka7 Qc7+ 77. Ka8 Qc8+ 78. Ka7 Qd7+ 79.
Kb8 Qd8+ 80. Ka7 Qc7+ 81. Ka8 Qc8+ 82. Ka7 Qd7+ 83. Kb8 e5 84. Qg6+ Qf5 85.
Qc6+ Ke3 86. Qb6+ Kf3 87. Qg1 Qd3 88. Qh1+ Kf2 89. h3 Qxg3 90. hxg4 e4+ 91. Kc8
e3 92. Qe4 e2 93. Qc2 Qe3 94. g5 Kg1 0-1

[Event "3rd Novi Sad it"]
[Site "Novi Sad"]
[Date "1974.10.14"]
[EventDate "1974.10.13"]
[Round "2.2"]
[White "Kirov, Nino"]
[Black "Buljovcic, Ivan"]
[Result "1/2-1/2"]
[WhiteElo "2465"]
[BlackElo "2460"]
[PlyCount "34"]
[Source "Perpetual Check"]

1. Nf3 d5 2. g3 Bg4 3. Bg2 Nd7 4. c4 e6 5. Qa4 c6 6. cxd5 Bxf3 7. Bxf3 cxd5 8.
Nc3 a6 9. O-O Ngf6 10. d3 Be7 11. e4 b5 12. Qd1 Nb6 13. e5 Nfd7 14. d4 Nc4 15.
b3 Na3 16. Nb1 Nxb1 17. Rxb1 Qa5 1/2-1/2

[Event "3rd Novi Sad it"]
[Site "Novi Sad"]
[Date "1974.10.14"]
[EventDate "1974.10.13"]
[Round "2.3"]
[White "Notaros, Krasoje"]
[Black "Forintos, Gyozo"]
[Result "1-0"]
[WhiteElo "2290"]
[BlackElo "2490"]
[PlyCount "78"]
[Source "Perpetual Check"]

1. Nf3 g6 2. e4 Bg7 3. d4 c5 4. dxc5 Qa5+ 5. c3 Qxc5 6. Be3 Qc7 7. Bd3 Nc6 8.
O-O Nf6 9. Qd2 Ng4 10. Bf4 d6 11. h3 Nge5 12. Nxe5 Nxe5 13. Bb5+ Bd7 14. Qe2
Nc6 15. Nd2 a6 16. Bd3 Ne5 17. Rfe1 O-O 18. Bc2 b5 19. Bb3 Rfc8 20. Bg5 Be8 21.
f4 Nc4 22. Nf3 Na5 23. Bd5 Rab8 24. a3 Nc4 25. Rad1 e6 26. Bxc4 bxc4 27. Rd2 f6
28. Bh4 Bh6 29. g3 Kg7 30. e5 fxe5 31. Bg5 exf4 32. Bxh6+ Kxh6 33. Qxe6 Rb6 34.
Qg4 fxg3 35. Nd4 Bf7 36. Rde2 Qc5 37. Re7 Rc7 38. Qf4+ g5 39. Rxc7 gxf4 {time}
1-0

[Event "3rd Novi Sad it"]
[Site "Novi Sad"]
[Date "1974.10.14"]
[EventDate "1974.10.13"]
[Round "2.4"]
[White "Ilijic, Milan"]
[Black "Raicevic, Vladimir"]
[Result "0-1"]
[WhiteElo "2375"]
[BlackElo "2490"]
[PlyCount "85"]
[Source "Perpetual Check"]

1. c4 e6 2. g3 c5 3. Bg2 Nc6 4. Nc3 Nf6 5. e4 d5 6. exd5 exd5 7. cxd5 Nb4 8. d3
Nfxd5 9. Nxd5 Nxd5 10. Qa4+ Bd7 11. Qe4+ Be6 12. Nf3 Be7 13. O-O O-O 14. d4 c4
15. Ne5 Rc8 16. Bd2 b5 17. Rfc1 Qd6 18. a3 Rfe8 19. Bc3 a6 20. f4 Nf6 21. Qe2
Bd5 22. Re1 Bxg2 23. Qxg2 Nd5 24. Qh3 Bf8 25. Kf2 Re6 26. Qf5 Nf6 27. Nf3 Rce8
28. Re5 Qd7 29. Rxe6 Rxe6 30. Ne5 Qd5 31. Re1 a5 32. Rd1 b4 33. axb4 axb4 34.
Be1 Bc5 35. dxc5 Qxd1 36. Bxb4 g6 37. Qh3 Qd4+ 38. Kf1 Qxb2 39. Be1 c3 40. Qg2
Qxg2+ 41. Kxg2 c2 42. Bd2 Ne4 43. Be3 0-1

[Event "3rd Novi Sad it"]
[Site "Novi Sad"]
[Date "1974.10.14"]
[EventDate "1974.10.13"]
[Round "2.5"]
[White "Deze, Anton"]
[Black "Hernandez Onna, Roman"]
[Result "0-1"]
[WhiteElo "2375"]
[BlackElo "2395"]
[PlyCount "54"]
[Source "Perpetual Check"]

1. c4 e6 2. Nc3 d5 3. d4 c5 4. Nf3 Nc6 5. e3 Nf6 6. cxd5 exd5 7. Be2 cxd4 8.
Nxd4 Bd6 9. O-O O-O 10. Nf3 a6 11. b3 Re8 12. Bb2 Bc7 13. Rc1 Qd6 14. Re1 d4
15. exd4 Bg4 16. Ne5 Nxe5 17. dxe5 Qxe5 18. g3 Qh5 19. Bxg4 Nxg4 20. h4 Bb6 21.
Rxe8+ Rxe8 22. Ne4 Qf5 23. Qc2 Bxf2+ 24. Nxf2 Qxc2 25. Rxc2 Re1+ 26. Kg2 Ne3+
27. Kf3 Nxc2 0-1

[Event "3rd Novi Sad it"]
[Site "Novi Sad"]
[Date "1974.10.14"]
[EventDate "1974.10.13"]
[Round "2.6"]
[White "Maric, Rudolf"]
[Black "Suba, Mihai"]
[Result "1/2-1/2"]
[WhiteElo "2455"]
[BlackElo "2460"]
[PlyCount "127"]
[Source "Perpetual Check"]

1. e4 e5 2. Nf3 Nc6 3. Bb5 g6 4. d4 exd4 5. Nxd4 Bg7 6. Be3 Nf6 7. f3 O-O 8.
Nc3 Ne7 9. Nde2 c6 10. Ba4 d5 11. Bc5 Re8 12. O-O Qc7 13. Bb3 b6 14. Bd4 Ba6
15. Re1 dxe4 16. Nxe4 Nxe4 17. Bxg7 Red8 18. Qc1 Kxg7 19. fxe4 Qe5 20. Qf4 Qxf4
21. Nxf4 Rd2 22. Rad1 Rad8 23. Nd3 Rxd1 24. Rxd1 c5 25. Bd5 Nxd5 26. Nf2 Bc4
27. b3 Re8 28. bxc4 Ne3 29. Rd7 a5 30. Rb7 Nxc4 31. Kf1 Rd8 32. Nd3 g5 33. Ke2
Kg6 34. Kf3 f6 35. h4 gxh4 36. Nf4+ Kh6 37. Nd5 Rd6 38. Ne7 Kg5 39. Nf5 Rd7 40.
Rb8 Nd2+ 41. Ke3 Nc4+ 42. Kf3 Ne5+ 43. Ke2 Kf4 44. Ne3 Kxe4 45. Rxb6 Rg7 46.
Rxf6 Rg3 47. Nd1 Rxg2+ 48. Nf2+ Kd5 49. Kf1 Rg7 50. Rf5 Re7 51. Rh5 Kd4 52.
Rxh4+ Kc3 53. Ne4+ Kxc2 54. Nxc5 Rc7 55. Ne6 Rf7+ 56. Ke2 Re7 57. Nd4+ Kb2 58.
Kd2 Kxa2 59. Rh2 Kb2 60. Ke3+ Kc3 61. Rc2+ Kb4 62. Kf4 Nc4 63. Nc6+ Kb3 64.
Nd4+ 1/2-1/2

[Event "3rd Novi Sad it"]
[Site "Novi Sad"]
[Date "1974.10.14"]
[EventDate "1974.10.13"]
[Round "2.7"]
[White "Hulak, Krunoslav"]
[Black "Marjan, Dusan"]
[Result "1/2-1/2"]
[WhiteElo "2475"]
[BlackElo "2250"]
[PlyCount "70"]
[Source "Perpetual Check"]

1. e4 e6 2. Nf3 d5 3. Nc3 Bb4 4. a3 Bxc3 5. dxc3 dxe4 6. Qxd8+ Kxd8 7. Ng5 Ke8
8. Nxe4 Nf6 9. Nxf6+ gxf6 10. Bd3 h5 11. h4 Bd7 12. Rh3 Bc6 13. f3 Rg8 14. Kf2
Nd7 15. Be3 Ne5 16. Be2 b6 17. a4 Ke7 18. a5 f5 19. Bf4 f6 20. Rhh1 Rgc8 21.
Ba6 Rd8 22. Rhe1 Rd5 23. axb6 axb6 24. Be2 Rxa1 25. Rxa1 Ng6 26. Bh6 f4 27. Bd3
Ne5 28. Bxf4 Nxd3+ 29. cxd3 e5 30. Be3 Rxd3 31. g4 hxg4 32. fxg4 Ke6 33. h5 Rd7
34. Rg1 Be4 35. g5 fxg5 1/2-1/2

[Event "3rd Novi Sad it"]
[Site "Novi Sad"]
[Date "1974.10.14"]
[EventDate "1974.10.13"]
[Round "2.8"]
[White "Jovic, Ljubomir"]
[Black "Radulov, Ivan"]
[Result "1-0"]
[WhiteElo "2305"]
[BlackElo "2490"]
[PlyCount "87"]
[Source "Perpetual Check"]

1. e4 c5 2. Nf3 Nc6 3. Bc4 g6 4. O-O Bg7 5. c3 e6 6. Re1 Nge7 7. d3 O-O 8. a4
h6 9. Nbd2 d6 10. Ba2 e5 11. Rb1 g5 12. Nc4 Be6 13. Bxg5 hxg5 14. Nxg5 Bf6 15.
Nxe6 fxe6 16. Qg4+ Kf7 17. f4 exf4 18. Qxf4 Ne5 19. Rf1 N7g6 20. Qh6 Rh8 21.
Nxe5+ dxe5 22. Bxe6+ Kxe6 23. Qxg6 Qf8 24. d4 cxd4 25. cxd4 Rd8 26. Qf5+ Ke7
27. dxe5 Bh4 28. g3 Qg7 29. Rbc1 Rd7 30. Rf3 Bg5 31. Rcf1 Kd8 32. e6 Rd2 33.
Qa5+ b6 34. e7+ Qxe7 35. Rf8+ Rxf8 36. Rxf8+ Kd7 37. Qxa7+ Ke6 38. Qxb6+ Qd6
39. Qb3+ Kd7 40. Qb5+ Kc7 41. Qb8+ Kc6 42. Rc8+ Kd7 43. Qb7+ Ke6 44. Rc6 1-0

[Event "3rd Novi Sad it"]
[Site "Novi Sad"]
[Date "1974.10.15"]
[EventDate "1974.10.13"]
[Round "3.1"]
[White "Radulov, Ivan"]
[Black "Tal, Mikhail"]
[Result "1/2-1/2"]
[WhiteElo "2490"]
[BlackElo "2635"]
[PlyCount "31"]
[Source "Perpetual Check"]

1. e4 e5 2. Nf3 Nc6 3. Nc3 Nf6 4. d4 exd4 5. Nxd4 Bb4 6. Nxc6 bxc6 7. Bd3 d5 8.
exd5 cxd5 9. O-O O-O 10. Bg5 c6 11. Qf3 Bd6 12. Rfe1 Rb8 13. Rab1 h6 14. Bxf6
Qxf6 15. Qxf6 gxf6 16. Ne2 1/2-1/2

[Event "3rd Novi Sad it"]
[Site "Novi Sad"]
[Date "1974.10.15"]
[EventDate "1974.10.13"]
[Round "3.2"]
[White "Marjan, Dusan"]
[Black "Jovic, Ljubomir"]
[Result "1/2-1/2"]
[WhiteElo "2250"]
[BlackElo "2305"]
[PlyCount "80"]
[Source "Perpetual Check"]

1. e4 e6 2. Qe2 c5 3. f4 Nc6 4. Nf3 Nf6 5. g3 Be7 6. Bg2 O-O 7. O-O Rb8 8. Nc3
Nd4 9. Nxd4 cxd4 10. Nd1 b5 11. d3 d5 12. e5 Ne8 13. Bd2 b4 14. g4 Rb6 15. Rf3
f6 16. exf6 Rxf6 17. Rh3 g6 18. Nf2 Rf7 19. g5 Bf8 20. Ng4 Rc7 21. Be1 Rbc6 22.
Rc1 Ra6 23. Bf2 Qd6 24. Ne5 Rxa2 25. Bxd4 Bg7 26. Qf2 b3 27. c3 a5 28. Re1 a4
29. Qh4 Bxe5 30. Bxe5 Qb6+ 31. Bd4 Qb7 32. f5 Rxb2 33. fxg6 Rxg2+ 34. Kxg2 b2
35. Qf4 e5 36. Qxe5 Bxh3+ 37. Kxh3 Qc8+ 38. Kg2 Qg4+ 39. Kh1 Qf3+ 40. Kg1 Qg4+
1/2-1/2

[Event "3rd Novi Sad it"]
[Site "Novi Sad"]
[Date "1974.10.15"]
[EventDate "1974.10.13"]
[Round "3.3"]
[White "Suba, Mihai"]
[Black "Hulak, Krunoslav"]
[Result "1/2-1/2"]
[WhiteElo "2460"]
[BlackElo "2475"]
[PlyCount "80"]
[Source "Perpetual Check"]

1. c4 g6 2. e4 Bg7 3. d4 d6 4. Nc3 e5 5. dxe5 dxe5 6. Qxd8+ Kxd8 7. f4 Nd7 8.
Nf3 c6 9. Be2 f6 10. fxe5 Nxe5 11. Bf4 Nh6 12. Rd1+ Ke8 13. b3 Nhf7 14. Na4 Ke7
15. Bc1 Rd8 16. Ba3+ Ke8 17. Rxd8+ Kxd8 18. O-O Ke8 19. Rd1 b6 20. Nb2 Bd7 21.
Nd3 Nxd3 22. Rxd3 Rd8 23. Bb2 Bc8 24. Kf2 Nd6 25. Nd2 Bb7 26. Bf3 Rd7 27. Nf1
Ke7 28. Ne3 Ne8 29. Ba3+ Kd8 30. Ke2 Rxd3 31. Kxd3 Kc7 32. Bb2 Bc8 33. Bg4 Bxg4
34. Nxg4 Kd6 35. Ne3 Ke6 36. a4 Bf8 37. Nc2 Kd7 38. b4 a6 39. Bd4 b5 40. axb5
axb5 1/2-1/2

[Event "3rd Novi Sad it"]
[Site "Novi Sad"]
[Date "1974.10.15"]
[EventDate "1974.10.13"]
[Round "3.4"]
[White "Hernandez Onna, Roman"]
[Black "Maric, Rudolf"]
[Result "1-0"]
[WhiteElo "2395"]
[BlackElo "2455"]
[PlyCount "101"]
[Source "Perpetual Check"]

1. c4 f5 2. Nf3 Nf6 3. g3 e6 4. Bg2 c6 5. O-O d5 6. b3 Bd6 7. d4 Qe7 8. Qc2 O-O
9. Bb2 Ne4 10. Ne5 Nd7 11. Nd3 Ndf6 12. Nd2 Bd7 13. Nf3 c5 14. dxc5 Nxc5 15.
Nxc5 Bxc5 16. Bxf6 Rxf6 17. cxd5 exd5 18. e3 Rc8 19. Qd2 Rd6 20. Rac1 Bb6 21.
Rxc8+ Bxc8 22. Nd4 Bd7 23. Rd1 g6 24. Qb4 Kf8 25. a4 a5 26. Qa3 Bc6 27. Qb2 Qf6
28. b4 Bxa4 29. Ra1 Bc6 30. bxa5 Bxd4 31. exd4 Re6 32. Qc3 Qe7 33. Bf3 Rd6 34.
Kg2 Kg7 35. Re1 Re6 36. Re5 Qd6 37. Re3 Rxe3 38. Qxe3 Qd8 39. Qe5+ Kf7 40. g4
fxg4 41. Bxg4 Qxa5 42. Qe6+ Kf8 43. Qf6+ Ke8 44. Qh8+ Kf7 45. Qxh7+ Kf6 46.
Qh8+ Kf7 47. Qe5 Kg8 48. Qe6+ Kg7 49. Qe7+ Kh6 50. Qf8+ Kg5 51. f4+ 1-0

[Event "3rd Novi Sad it"]
[Site "Novi Sad"]
[Date "1974.10.15"]
[EventDate "1974.10.13"]
[Round "3.5"]
[White "Raicevic, Vladimir"]
[Black "Deze, Anton"]
[Result "1/2-1/2"]
[WhiteElo "2490"]
[BlackElo "2375"]
[PlyCount "30"]
[Source "Perpetual Check"]

1. e4 c5 2. Nf3 Nc6 3. d4 cxd4 4. Nxd4 g6 5. c4 Nf6 6. Nc3 Nxd4 7. Qxd4 d6 8.
Be2 Bg7 9. O-O O-O 10. Bg5 Be6 11. Qd2 Qa5 12. Rfd1 Rfc8 13. Bxf6 Bxf6 14. Nd5
Qxd2 15. Rxd2 Bxd5 1/2-1/2

[Event "3rd Novi Sad it"]
[Site "Novi Sad"]
[Date "1974.10.15"]
[EventDate "1974.10.13"]
[Round "3.6"]
[White "Forintos, Gyozo"]
[Black "Ilijic, Milan"]
[Result "1-0"]
[WhiteElo "2490"]
[BlackElo "2375"]
[PlyCount "77"]
[Source "Perpetual Check"]

1. d4 g6 2. c4 Bg7 3. Nc3 b6 4. e4 Bb7 5. f4 d6 6. Nf3 Nd7 7. Be2 e5 8. O-O
exd4 9. Nxd4 Nc5 10. Bf3 Ne7 11. Be3 O-O 12. Qd2 Re8 13. Rae1 a5 14. b3 Nc6 15.
Ndb5 Nb4 16. a3 Nxb3 17. Qb2 Nc5 18. axb4 axb4 19. Qxb4 Nd3 20. Qb3 Nxe1 21.
Rxe1 f5 22. c5+ Kh8 23. cxd6 fxe4 24. dxc7 Qd3 25. Bd1 Ra1 26. Kf2 Qd7 27. Bg4
Qxg4 28. Rxa1 Rf8 29. Nd6 h5 30. Kg1 Bc8 31. Rc1 Bd7 32. Ncxe4 Be6 33. Qd1 Qh4
34. Ng5 Bf6 35. Nxe6 Rg8 36. g3 Qh3 37. Nf7+ Kh7 38. Nfg5+ Kh6 39. Nxh3 1-0

[Event "3rd Novi Sad it"]
[Site "Novi Sad"]
[Date "1974.10.15"]
[EventDate "1974.10.13"]
[Round "3.7"]
[White "Buljovcic, Ivan"]
[Black "Notaros, Krasoje"]
[Result "0-1"]
[WhiteElo "2460"]
[BlackElo "2290"]
[PlyCount "114"]
[Source "Perpetual Check"]

1. e4 g6 2. d4 Bg7 3. Nc3 c6 4. Nf3 d5 5. h3 Nf6 6. e5 Ne4 7. Nxe4 dxe4 8. Ng5
c5 9. e6 Bxe6 10. Nxe6 fxe6 11. dxc5 Qxd1+ 12. Kxd1 Bd4 13. Bb5+ Nc6 14. Ke2
O-O 15. Be3 Bxb2 16. Bxc6 bxc6 17. Rab1 Rab8 18. Rhd1 Rb7 19. c3 e5 20. Kd2
Rfb8 21. Kc2 Kf7 22. h4 a5 23. Re1 a4 24. Bd2 Ba3 25. Rxb7 Rxb7 26. Rxe4 Rb2+
27. Kd3 Bxc5 28. Rxa4 Bxf2 29. Bc1 Rb1 30. Kc2 Rb7 31. Rc4 c5 32. Re4 Ke6 33.
Bg5 Kf5 34. Re2 Bg3 35. Kd3 Bf4 36. Kc4 h6 37. Bxf4 exf4 38. a4 e5 39. a5 e4
40. a6 Ra7 41. Ra2 f3 42. gxf3 exf3 43. Kxc5 g5 44. hxg5 hxg5 45. Kb6 Rxa6+ 46.
Kxa6 g4 47. Rf2 Ke4 48. c4 Kd4 49. Kb5 Ke3 50. c5 Kxf2 51. c6 Kg1 52. c7 f2 53.
c8=Q f1=Q+ 54. Ka5 Qa1+ 55. Kb5 Qb2+ 56. Ka5 Qd2+ 57. Ka6 Qd3+ 0-1

[Event "3rd Novi Sad it"]
[Site "Novi Sad"]
[Date "1974.10.16"]
[EventDate "1974.10.13"]
[Round "4.1"]
[White "Tal, Mikhail"]
[Black "Kirov, Nino"]
[Result "0-1"]
[WhiteElo "2635"]
[BlackElo "2465"]
[PlyCount "74"]
[Source "Perpetual Check"]

1. e4 c5 2. Nf3 e6 3. d4 cxd4 4. Nxd4 Nc6 5. Nc3 a6 6. Be2 Qc7 7. O-O Nf6 8.
Be3 Bb4 9. Na4 O-O 10. Nxc6 bxc6 11. f4 Be7 12. Nb6 Rb8 13. Nxc8 Qxc8 14. e5
Nd5 15. Bc1 f6 16. c4 Bc5+ 17. Kh1 Ne7 18. exf6 Rxf6 19. Bd3 Qc7 20. Bxh7+ Kxh7
21. Qh5+ Rh6 22. Qxc5 Nf5 23. Rf3 Rh8 24. Bd2 g5 25. g4 Kg8 26. gxf5 Rxh2+ 27.
Kg1 d6 28. Qd4 e5 29. fxe5 dxe5 30. Qg4 Rh1+ 31. Kf2 R8h2+ 32. Kg3 e4+ 33. Rf4
Rh3+ 34. Kg2 R3h2+ 35. Kg3 Rh3+ 36. Kg2 R1h2+ 37. Kf1 Qd8 0-1

[Event "3rd Novi Sad it"]
[Site "Novi Sad"]
[Date "1974.10.16"]
[EventDate "1974.10.13"]
[Round "4.3"]
[White "Ilijic, Milan"]
[Black "Buljovcic, Ivan"]
[Result "0-1"]
[WhiteElo "2375"]
[BlackElo "2460"]
[PlyCount "100"]
[Source "Perpetual Check"]

1. Nf3 d5 2. c4 d4 3. g3 c5 4. Bg2 Nc6 5. d3 e5 6. O-O Nf6 7. e4 Be7 8. Na3 a6
9. Bd2 O-O 10. h3 Ne8 11. Nh2 Rb8 12. f4 b5 13. Nf3 exf4 14. gxf4 Nd6 15. b3
bxc4 16. e5 Nf5 17. Nxc4 Nb4 18. Bxb4 Rxb4 19. Nfd2 Ne3 20. Nxe3 dxe3 21. Nc4
Bf5 22. Be4 Qd4 23. Qe2 Bxe4 24. dxe4 Qxe4 25. Rad1 a5 26. Rd7 Bh4 27. Qxe3
Rxc4 28. Qxe4 Rxe4 29. Rd5 Rc8 30. Kg2 Rd4 31. Rxd4 cxd4 32. Rd1 Rc2+ 33. Kf3
Bf2 34. a3 Be3 35. Rf1 g6 36. b4 axb4 37. axb4 Rb2 38. Ke4 Rxb4 39. f5 gxf5+
40. Rxf5 Rb6 41. Rf1 Re6 42. Rb1 Ra6 43. Rb8+ Kg7 44. Rb7 Re6 45. Kf5 d3 46.
Rd7 d2 47. Ke4 Bh6 48. Kf5 Kf8 49. h4 Ke8 50. Rd4 Re7 0-1

[Event "3rd Novi Sad it"]
[Site "Novi Sad"]
[Date "1974.10.16"]
[EventDate "1974.10.13"]
[Round "4.4"]
[White "Deze, Anton"]
[Black "Forintos, Gyozo"]
[Result "0-1"]
[WhiteElo "2375"]
[BlackElo "2490"]
[PlyCount "80"]
[Source "Perpetual Check"]

1. c4 g6 2. Nc3 c5 3. g3 Bg7 4. Bg2 Nc6 5. a3 e6 6. e4 Nge7 7. Nge2 h5 8. h4 a6
9. O-O d6 10. Rb1 Rb8 11. b4 Ne5 12. d3 O-O 13. Bf4 Qc7 14. Qc2 Bd7 15. b5 Rfc8
16. Kh1 Kh8 17. Ng1 axb5 18. Nxb5 Bxb5 19. Rxb5 N5c6 20. Ne2 Ra8 21. Qb3 Rcb8
22. Rb1 Na5 23. Qc2 b6 24. Bc1 Nac6 25. Bb2 Ra6 26. Qd2 e5 27. Bc3 Na7 28. R5b2
Nec6 29. Ra2 b5 30. cxb5 Nxb5 31. a4 Qa7 32. Rab2 Nbd4 33. Rxb8+ Nxb8 34. a5
Nbc6 35. Qb2 Nxa5 36. Nxd4 exd4 37. Bd2 Nc6 38. Bf4 Nb4 39. Bd2 Ra2 40. Qc1
Nxd3 0-1

[Event "3rd Novi Sad it"]
[Site "Novi Sad"]
[Date "1974.10.16"]
[EventDate "1974.10.13"]
[Round "4.5"]
[White "Maric, Rudolf"]
[Black "Raicevic, Vladimir"]
[Result "0-1"]
[WhiteElo "2455"]
[BlackElo "2490"]
[PlyCount "62"]
[Source "Perpetual Check"]

1. e4 e6 2. d4 d5 3. Nd2 c5 4. exd5 exd5 5. Bb5+ Nc6 6. Qe2+ Be7 7. dxc5 Nf6 8.
Ngf3 O-O 9. Nb3 Re8 10. Be3 Ne4 11. O-O-O Nxc5 12. Qd2 Nxb3+ 13. axb3 a6 14.
Bxc6 bxc6 15. Qc3 Qd6 16. Rde1 Bf5 17. Nd4 Bd7 18. Qd3 g6 19. g3 c5 20. Bf4 Qb6
21. Nf3 Rad8 22. Qc3 d4 23. Qd3 Bf5 24. Qd2 d3 25. Qc3 dxc2 26. Ne5 Bf6 27. g4
Bxg4 28. Qxc2 Bf5 29. Qc3 Rd4 30. Bg3 h5 31. h4 Bg7 0-1

[Event "3rd Novi Sad it"]
[Site "Novi Sad"]
[Date "1974.10.16"]
[EventDate "1974.10.13"]
[Round "4.6"]
[White "Hulak, Krunoslav"]
[Black "Hernandez Onna, Roman"]
[Result "0-1"]
[WhiteElo "2475"]
[BlackElo "2395"]
[PlyCount "80"]
[Source "Perpetual Check"]

1. e4 c5 2. Nf3 Nc6 3. d4 cxd4 4. Nxd4 d6 5. Nc3 e6 6. f4 Nf6 7. Be3 Be7 8. Qf3
e5 9. Nxc6 bxc6 10. f5 Bb7 11. O-O-O Qa5 12. Bc4 O-O 13. Bb3 Rad8 14. g4 d5 15.
g5 d4 16. gxf6 Bxf6 17. Rdg1 dxe3 18. Rg3 Ba6 19. Qxe3 Qb6 20. Qf3 Rd7 21. Rhg1
Rfd8 22. a3 Kf8 23. Kb1 Qc5 24. Qg2 Rd2 25. Qh3 h6 26. Qh5 Bc4 27. Na4 Qd4 28.
Qf3 Rxh2 29. Qe3 Bxb3 30. cxb3 Bg5 31. Qf3 Rf2 32. Qc3 Qxe4+ 33. Ka2 Kg8 34.
Rb1 Bf6 35. Qa5 Rdd2 36. Rc3 Qd4 37. Rc4 Qd6 38. Qxa7 Kf8 39. Rc5 Kg8 40. Qa8+
Kh7 0-1